<?xml version="1.0" encoding="utf-8"?>
<?xml-stylesheet type='text/xsl' href='./oai2.xsl'?>
<OAI-PMH xmlns="http://www.openarchives.org/OAI/2.0/" xmlns:xsi="http://www.w3.org/2001/XMLSchema-instance" xsi:schemaLocation="http://www.openarchives.org/OAI/2.0/ http://www.openarchives.org/OAI/2.0/OAI-PMH.xsd">
  <responseDate>2026-04-30T05:26:15Z</responseDate>
  <request verb="GetRecord" metadataPrefix="marcxml" identifier="record_kuniweb_160031">https://kulturerbe.niedersachsen.de/oai</request>
  <GetRecord>
    <record>
      <header>
        <identifier>record_kuniweb_160031</identifier>
        <datestamp>2025-08-28T09:38:22Z</datestamp>
        <setSpec>slg0243</setSpec>
        <setSpec>slg0111</setSpec>
      </header>
      <metadata>
        <marc:record xmlns:marc="http://www.loc.gov/MARC21/slim" xsi:schemaLocation="http://www.loc.gov/MARC21/slim http://www.loc.gov/standards/marcxml/schema/MARC21slim.xsd">
          <marc:leader>12345nkm  22     uu 4500</marc:leader>
          <marc:controlfield tag="001">160031</marc:controlfield>
          <marc:controlfield tag="003">http://kuniweb.gbv.de</marc:controlfield>
          <marc:controlfield tag="005">2020-08-22T19:24:56</marc:controlfield>
          <marc:controlfield tag="008">|           ||||||||||||||||||||||</marc:controlfield>
          <marc:datafield tag="245" ind1="1" ind2="0">
            <marc:subfield code="a">Anlage zweier Schützenzüge für Carl Kellner - Kapsmühle - in Heiligenstadt, 1901</marc:subfield>
          </marc:datafield>
          <marc:datafield tag="710" ind1="2" ind2=" ">
            <marc:subfield code="a">Kapsmühle &gt;Heiligenstadt&lt;</marc:subfield>
            <marc:subfield code="e">AuftraggeberIn</marc:subfield>
          </marc:datafield>
          <marc:datafield tag="655" ind1=" " ind2="7">
            <marc:subfield code="a">Grafik</marc:subfield>
          </marc:datafield>
          <marc:datafield tag="046" ind1=" " ind2=" ">
            <marc:subfield code="k">1901-06-22</marc:subfield>
            <marc:subfield code="k">22.06.1901</marc:subfield>
          </marc:datafield>
          <marc:datafield tag="260" ind1=" " ind2=" ">
            <marc:subfield code="g">1901-06-22</marc:subfield>
            <marc:subfield code="g">22.06.1901</marc:subfield>
          </marc:datafield>
          <marc:datafield tag="520" ind1=" " ind2=" ">
            <marc:subfield code="a">Zeichnung - schwarz-weiß mit roter Markierungslinie 
Herstellungsort - Könighütte, (Bad) Lauterberg

Auftraggeber und Standort: 
Mühlenbesitzer Carl Kellner,  Kapsmühle Heiligenstadt

Anmerkung:
Ursprünglich war die Kapsmühle eine Walkemühle
nach:
Geschichte und Beschreibung der Stadt Heiligenstadt mit Urkunden
https://books.google.de/books?id=FBpMAAAAYAAJ

Die Kapsmühle ist seit 1413 urkundlich als Getreidemühle erwähnt. Bis 1536 war sie in Besitz derer von Hanstein. Seit 1882 ist sie im Besitz der Familie Kellner, mittlerweile in fünfter Generation. Heute ist sie eine kombinierte Weizen- und Roggenmühle. Es wird Korn aus dem Eichsfeld für die Bäckereien der Region verarbeitet. Im eigenen Mühlenladen werden Qualitäts- und Vollkornmehle aus eigener Herstellung angeboten.
siehe:
[PDF]Mühlen- und Skulpturenweg - Heilbad Heiligenstadt
www.heilbad-heiligenstadt.de/fileadmin/.../Mühlenweg_Calibri_CIKA12_low.pdf







 (Förderkreis Königshütte Bad Lauterberg e.V.)

Maßstab: 1 zu 10

Literatur in Zusammenhang:
[PDF]Mühlen- und Skulpturenweg - Heilbad Heiligenstadt www.heilbad-heiligenstadt.de/fileadmin/.../Mühlenweg_Calibri_CIKA12_low.pdf</marc:subfield>
          </marc:datafield>
          <marc:datafield tag="650" ind1="1" ind2=" ">
            <marc:subfield code="a">Wasserbau</marc:subfield>
          </marc:datafield>
          <marc:datafield tag="650" ind1="1" ind2=" ">
            <marc:subfield code="a">Grafik, Fotografie &gt; Zeichnung</marc:subfield>
          </marc:datafield>
          <marc:datafield tag="650" ind1="1" ind2=" ">
            <marc:subfield code="a">Müller</marc:subfield>
          </marc:datafield>
          <marc:datafield tag="650" ind1="1" ind2=" ">
            <marc:subfield code="a">Heilbad Heiligenstadt (Eichsfeld, Thüringen)</marc:subfield>
          </marc:datafield>
          <marc:datafield tag="773" ind1="0" ind2=" ">
            <marc:subfield code="t">Wasserbauanlagen</marc:subfield>
          </marc:datafield>
          <marc:datafield tag="773" ind1="0" ind2=" ">
            <marc:subfield code="t">Mühlen-, Gips- und sonstige Anlagen</marc:subfield>
          </marc:datafield>
          <marc:datafield tag="852" ind1=" " ind2=" ">
            <marc:subfield code="a">Industriedenkmal Königshütte Bad Lauterberg im Harz</marc:subfield>
          </marc:datafield>
          <marc:datafield tag="" ind1=" " ind2=" ">
            <marc:subfield code="a">Namensnennung - Nicht kommerziell - Keine Bearbeitungen 4.0 International (CC BY-NC-ND 4.0)</marc:subfield>
          </marc:datafield>
        </marc:record>
      </metadata>
    </record>
  </GetRecord>
</OAI-PMH>
